Análisis de contenido

Saved in:
Bibliografiske detaljer
Hovedforfatter: Bardin, Laurence (Author)
Format: Bog
Sprog:spansk
Udgivet: Madrid Akal 1996
Udgivelse:2a. ed
Serier:Akal Universitaria. Serie Comunicación
Fag:
Tags: Tilføj Tag
Ingen Tags, Vær først til at tagge denne postø!

MARC

LEADER 00000nam a2200000 a 4500
001 UCO7035
003 CL-VaPUC
008 001103e19960000SP |||||||||||||||||spa|d
082 0 4 |a 302.24  |b BAR  |2 21 
100 0 |a Bardin, Laurence  |e author  |9 451669 
245 1 0 |a Análisis de contenido 
250 |a 2a. ed 
300 |a 183 p 
942 |c BK 
945 |d 20001103 00:00:00  |a rbrito 
260 |a Madrid  |b Akal  |c 1996 
650 0 |a Análisis de contenido  |9 318914 
650 0 |a Comunicación   |9 257251 
650 0 |a Análisis del discurso  |9 256696 
583 |a last modification  |c 20001103 00:00:00  |k Rodrigo Vera 
490 0 |a Akal Universitaria. Serie Comunicación 
999 |c 292254  |d 292252 
952 |0 0  |1 0  |4 0  |6 302_240000000000000_BAR_1996  |7 0  |8 A  |9 342987  |a BIBEDU  |b BIBEDU  |d 2019-11-20  |i 3655954  |l 1  |o 302.24 BAR 1996  |p 3655954  |r 2023-09-09  |s 2023-09-02  |w 2019-11-20  |y BK  |k PSI